Spell the Marvel Hero #6 - Statistics

General Stats
  • This quiz has been taken 28 times
  • The average score is 5 of 7
Answer Stats
Picture Answer % Correct
Captain Marvel
100%
Iron Man
100%
Elektra
88%
Iceman
80%
Alpha
76%
Nocturne
32%
Machine Man
28%
No matching quizzes found
Score Distribution
Percent of People with Each Score
Percentile by Number Answered
Your Score History
You have not taken this quiz